000 00549nam a2200205Ia 4500
005 20250508165542.0
008 008 250505s9999 xx 000 0 hin d
020 _a978-93-5072-974-8
037 _aTextual
040 _aFEDL
_beng
_cFEDL
041 _ahin
_2hin
084 _a070.4, TIW
_qFEDL
100 _aTiwari Rakesh
245 0 _aPatrakarita ki khurdari zameen
260 _aNew Delhi, India
_bVani Prakashan
_c2015
300 _a152p.
365 _aINR
_b350
942 _cTEXL
_h070.4, TIW
999 _c1395821
_d1395821